000 01055nam a2200253Ia 4500
003 OSt
005 20220923215457.0
006 a|||||r|||| 00| 0
007 ta
008 220922b |||||||| |||| 00| 0 hin d
024 _a179,119
037 _cTextual
040 _aARTS
_cARTS
_bhin
041 _2hin
_ahin
082 _aO152,1M89,18:g, M8;N0
100 _aजयशंकर प्रसाद
245 0 _aकामायनी रचना प्रक्रिया के परिपेक्ष में, संपा एवं पाठक समालोचक हरीश शर्मा
246 _aKāmāyanī rachanā prakriyā ke paripekṣha mean, sanpā0 evan pāṭhak samālochak harīsh sharmā
260 _aगाजियाबाद
_b अमित प्रकाशन
_c1990
300 _a278 पृ.
_ccm.
650 _aहिन्दी साहित्य
_9156264
942 _hO152,1M89,18:g, M8;N0
_cTEXL
_2CC
999 _c332500
_d332500